000 00515nam a2200181Ia 4500
008 100917s9999 xx 000 0 und d
082 _b24242
100 _a---
245 _aपहिला सुमन हार
260 _bदेव शं. श्री.
_c1937
300 _a383
365 _b2.25
520 _aअध्यात्म
630 _aपहिला सुमन हार
650 _aअध्यात्म
730 _aपहिला सुमन हार
942 _cBOOK
999 _c629636
_d629633